Operational Leasing and Vehicle Fleet Management Model

Guardado en:
Detalles Bibliográficos
Autor principal: Nahácka, Veronika
Formato: Capítulo de libro
Lenguaje:inglés
Materias:
Etiquetas: Agregar Etiqueta
Sin Etiquetas, Sea el primero en etiquetar este registro!

MARC

LEADER 00000naa$a2200000$$$4500
001 0063513
005 20240502083152.5
041 0 |a eng 
044 |a CZ 
245 1 0 |a Operational Leasing and Vehicle Fleet Management Model  |c Veronika Nahácka 
610 2 0 |a doprava 
610 2 0 |a služby 
610 2 0 |a lízing operatívny 
610 2 0 |a modely 
100 1 |a Nahácka, Veronika